[Event "St Petersburg-ch 90th"]
[Site "St Petersburg"]
[Date "2017.03.28"]
[Round "11"]
[White "Pershin, Denis"]
[Black "Azimov, Ilyas"]
[Result "0-1"]
[WhiteElo "2306"]
[BlackElo "2138"]
[PlyCount "112"]
[EventDate "2017.03.18"]
[EventType "tourn"]
[EventRounds "11"]
[EventCountry "RUS"]
[EventCategory "6"]
[SourceTitle "CBM 177 Extra"]
[Source "ChessBase"]
[SourceDate "2017.04.27"]
[SourceVersion "1"]
[SourceVersionDate "2017.04.27"]
[SourceQuality "1"]

1. d4 f5 2. g3 Nf6 3. Bg2 g6 4. Nf3 Bg7 5. 0-0 0-0 6. c4 d6 7. Nc3 c6 8. b3 Qc7 9. Ba3 Qa5 10. Bb2 e5 11. dxe5 dxe5 12. e4 f4 13. Qd6 Ne8 14. Qd3 Bg4 15. a3 Nd7 16. b4 Qc7 17. c5 h6 18. Nh4 Kh7 19. h3 Be6 20. Rad1 Rf7 21. Kh2 Nf8 22. Ne2 Bf6 23. Nf3 Rd7 24. Qc2 Bg7 25. Rxd7 Nxd7 26. gxf4 exf4 27. Bxg7 Nxg7 28. Rd1 Ne5 29. Rd6 Nxf3+ 30. Bxf3 Rf8 31. Nd4 Qe7 32. Nxe6 Nxe6 33. Bg4 Ng7 34. e5 Qg5 35. Qe4 h5 36. Bf3 Nf5 37. Rd7+ Kh6 38. e6 Qh4 39. Kg2 Re8 40. Rxb7 Qg5+ 41. Kf1 Qh4 42. Bg2 Qf6 43. Qxf4+ g5 44. Qd2 Rxe6 45. Kg1 Nd4 46. Kf1 Qf5 47. Qb2 Qd3+ 48. Kg1 Qd1+ 49. Kh2 Re2 50. Qc3 Rxf2 51. Rd7 Rxg2+ 52. Kxg2 Qe2+ 53. Kh1 Qf1+ 54. Kh2 Nf3+ 55. Kg3 h4+ 56. Kg4 Nh2# 0-1

[Event "St Petersburg-ch 90th"]
[Site "St Petersburg"]
[Date "2017.03.25"]
[Round "8"]
[White "Azimov, Ilyas"]
[Black "Dilmukhametov, Artur"]
[Result "1-0"]
[WhiteElo "2138"]
[BlackElo "2298"]
[PlyCount "107"]
[EventDate "2017.03.18"]
[EventType "tourn"]
[EventRounds "11"]
[EventCountry "RUS"]
[EventCategory "6"]
[SourceTitle "CBM 177 Extra"]
[Source "ChessBase"]
[SourceDate "2017.04.27"]
[SourceVersion "1"]
[SourceVersionDate "2017.04.27"]
[SourceQuality "1"]

1. e4 e6 2. d4 d5 3. Nc3 Bb4 4. e5 c5 5. Bd2 Ne7 6. a3 Bxc3 7. bxc3 c4 8. h4 Bd7 9. h5 h6 10. g4 Ba4 11. Ne2 Nbc6 12. Ng3 Qd7 13. Bh3 0-0-0 14. f4 f6 15. Nf1 fxe5 16. fxe5 Rdf8 17. Ne3 Nd8 18. Qe2 Nf7 19. Rb1 Ng5 20. Bg2 b6 21. Kd1 g6 22. Kc1 gxh5 23. gxh5 Nf5 24. Be1 Nxe3 25. Qxe3 Qh7 26. Qe2 Rf4 27. Rb4 b5 28. Rb1 Rhf8 29. Kb2 Ne4 30. Rc1 Qg7 31. Bxe4 Rxe4 32. Qd2 Rg4 33. Rh2 Rf5 34. Bf2 Rg2 35. Rch1 Rfxf2 36. Qxf2 Rxf2 37. Rxf2 b4 38. axb4 Be8 39. Rhh2 Kd8 40. Rhg2 Qh7 41. Rf8 Ke7 42. Rfg8 Kf7 43. R8g6 a6 44. Rg1 Qh8 45. Ra1 Ke7 46. Rxa6 Bd7 47. Ra7 Qf8 48. Rg1 Kd8 49. Ra8+ Bc8 50. Rga1 Kc7 51. R1a5 Kb7 52. R5a7+ Kb6 53. Rh7 Qe8 54. Rb8+ 1-0

[Event "St Petersburg-ch 90th"]
[Site "St Petersburg"]
[Date "2017.03.24"]
[Round "7"]
[White "Saveliev, Alexei"]
[Black "Azimov, Ilyas"]
[Result "1-0"]
[WhiteElo "2362"]
[BlackElo "2138"]
[PlyCount "113"]
[EventDate "2017.03.18"]
[EventType "tourn"]
[EventRounds "11"]
[EventCountry "RUS"]
[EventCategory "6"]
[SourceTitle "CBM 177 Extra"]
[Source "ChessBase"]
[SourceDate "2017.04.27"]
[SourceVersion "1"]
[SourceVersionDate "2017.04.27"]
[SourceQuality "1"]

1. d4 d5 2. Nf3 Nf6 3. Bf4 c5 4. e3 Nc6 5. c3 Qb6 6. Qb3 c4 7. Qxb6 axb6 8. Nbd2 b5 9. a3 h6 10. h3 Bf5 11. Rc1 e6 12. g4 Bh7 13. Bg2 Nd7 14. Nh2 Nb6 15. e4 0-0-0 16. 0-0 Bd6 17. Bxd6 Rxd6 18. f4 f6 19. f5 e5 20. Nhf3 Re8 21. Rfe1 Bg8 22. h4 Rdd8 23. Kh2 Kb8 24. Kg3 exd4 25. cxd4 dxe4 26. Nxe4 Na4 27. Nc3 Nxb2 28. Rb1 Nd3 29. Rxe8 Rxe8 30. Rxb5 Re3 31. Nd1 Nxd4 32. Rxb7+ Kxb7 33. Nxe3 Nxf3 34. Bxf3+ Kb6 35. Be2 Nb2 36. Kf4 Kc5 37. Ke4 c3 38. Bd3 Nc4 39. Bxc4 Bxc4 40. a4 Be2 41. a5 Kb4 42. Kd4 Kb3 43. Kd5 Bxg4 44. Ke6 Be2 45. Kf7 Ka4 46. Kxg7 Kxa5 47. Kxh6 Kb5 48. Kg6 Kc5 49. Kxf6 Kd4 50. Nc2+ Ke4 51. Kg5 Ke5 52. f6 Kd6 53. Kg6 Bc4 54. h5 Bb3 55. Kg7 Ke5 56. Na3 Kf5 57. h6 1-0

[Event "St Petersburg-ch 90th"]
[Site "St Petersburg"]
[Date "2017.03.23"]
[Round "6"]
[White "Azimov, Ilyas"]
[Black "Schekachikhin, Maksim"]
[Result "0-1"]
[WhiteElo "2138"]
[BlackElo "2380"]
[PlyCount "88"]
[EventDate "2017.03.18"]
[EventType "tourn"]
[EventRounds "11"]
[EventCountry "RUS"]
[EventCategory "6"]
[SourceTitle "CBM 177 Extra"]
[Source "ChessBase"]
[SourceDate "2017.04.27"]
[SourceVersion "1"]
[SourceVersionDate "2017.04.27"]
[SourceQuality "1"]

1. d4 Nf6 2. c4 e6 3. Nc3 Bb4 4. e3 c5 5. Nge2 cxd4 6. exd4 0-0 7. a3 Be7 8. Nf4 d6 9. Be2 e5 10. Nfd5 Nxd5 11. Nxd5 Nc6 12. Nxe7+ Qxe7 13. d5 Nd4 14. 0-0 f5 15. f4 Bd7 16. Re1 Qh4 17. g3 Qh3 18. Be3 Nxe2+ 19. Qxe2 b6 20. b4 Rae8 21. Qg2 Qh5 22. Rac1 g5 23. Bd2 gxf4 24. gxf4+ Kf7 25. Kh1 Rg8 26. Qf2 e4 27. c5 bxc5 28. bxc5 dxc5 29. Rxc5 Rc8 30. Be3 Rxc5 31. Bxc5 a6 32. Qe2 Qh3 33. d6 e3 34. Qc4+ Be6 35. Qxe6+ Kxe6 36. Rxe3+ Qxe3 37. Bxe3 Kxd6 38. Bf2 Kd5 39. Bh4 Kc4 40. Bg5 Kb3 41. Be7 a5 42. h3 a4 43. Kh2 Kb2 44. Bc5 Rb8 0-1

[Event "St Petersburg-ch 90th"]
[Site "St Petersburg"]
[Date "2017.03.20"]
[Round "3"]
[White "Lobanov, Sergei"]
[Black "Azimov, Ilyas"]
[Result "0-1"]
[WhiteElo "2429"]
[BlackElo "2138"]
[PlyCount "136"]
[EventDate "2017.03.18"]
[EventType "tourn"]
[EventRounds "11"]
[EventCountry "RUS"]
[EventCategory "6"]
[SourceTitle "CBM 177 Extra"]
[Source "ChessBase"]
[SourceDate "2017.04.27"]
[SourceVersion "1"]
[SourceVersionDate "2017.04.27"]
[SourceQuality "1"]

1. e4 c5 2. Nf3 d6 3. d4 cxd4 4. Nxd4 Nf6 5. Nc3 a6 6. Be2 e5 7. Nb3 Be7 8. Be3 Be6 9. Nd5 Nbd7 10. Qd3 Bxd5 11. exd5 0-0 12. 0-0 Ne8 13. a4 g6 14. Qd2 Ng7 15. Na5 f5 16. f3 f4 17. Bf2 Qc7 18. b4 Nf6 19. c4 Rac8 20. Rac1 Kh8 21. c5 dxc5 22. bxc5 Nxd5 23. c6 bxc6 24. Nxc6 Ne3 25. Bxe3 fxe3 26. Qxe3 Bg5 27. Qxg5 Qb6+ 28. Kh1 Rxc6 29. a5 Qc7 30. Rxc6 Qxc6 31. Qxe5 Re8 32. Qb2 Qc5 33. Ra1 Qf2 34. Qb6 Qxe2 35. h3 Nh5 36. Rb1 Kg8 37. Qd4 Ng3+ 38. Kh2 Nf5 39. Qd5+ Qe6 40. Qd2 Ne3 41. Kh1 Qd5 42. Qc3 Qe5 43. Qb3+ Qe6 44. Qc3 Qa2 45. Rg1 Qc4 46. Qf6 Qe6 47. Qc3 Qe5 48. Qb3+ Kh8 49. Re1 Re7 50. Qd3 Qe6 51. Kg1 Qe5 52. Qxa6 Qd4 53. Kh1 Kg7 54. Qb6 Qd2 55. Rg1 Nf5 56. Rb1 Qf4 57. a6 Qa4 58. Qb2+ Kg8 59. Ra1 Ng3+ 60. Kg1 Ne2+ 61. Kh1 Ng3+ 62. Kh2 Qf4 63. a7 Ne2+ 64. Kh1 Ng3+ 65. Kh2 Ne2+ 66. Kh1 Ng3+ 67. Kg1 Ne2+ 68. Kf2 Qe3+ 0-1

[Event "Chigorin Memorial 24th"]
[Site "St Petersburg"]
[Date "2016.10.21"]
[Round "7"]
[White "Azimov, Ilyas"]
[Black "Gubajdullin, Alexey"]
[Result "1-0"]
[WhiteElo "2151"]
[BlackElo "2367"]
[PlyCount "93"]
[EventDate "2016.10.15"]
[EventType "swiss"]
[EventRounds "9"]
[EventCountry "RUS"]
[SourceTitle "CBM 175 Extra"]
[Source "ChessBase"]
[SourceDate "2016.12.12"]
[SourceVersion "1"]
[SourceVersionDate "2016.12.12"]
[SourceQuality "1"]

1. d4 Nf6 2. Nf3 c5 3. d5 b5 4. c4 Bb7 5. Qc2 Na6 6. Nc3 Qa5 7. Bd2 bxc4 8. e4 Nb4 9. Qb1 Nd3+ 10. Bxd3 cxd3 11. e5 Ng4 12. Qxd3 Qa6 13. Nb5 Rc8 14. a4 f6 15. Bc3 fxe5 16. Nxe5 Nf6 17. 0-0 Nxd5 18. Rfe1 Nf6 19. Nxd7 Nxd7 20. Nd6+ Kd8 21. Ba5+ Rc7 22. Bxc7+ Kxc7 23. Nb5+ Kd8 24. Rad1 Qc6 25. Qg3 e5 26. Nxa7 Qg6 27. Qh3 Qf7 28. Rxe5 g5 29. Rxg5 Bg7 30. Qg3 Bd4 31. Nb5 h6 32. Nd6 Qxf2+ 33. Qxf2 Bxf2+ 34. Kxf2 hxg5 35. Nf7+ Ke7 36. Nxh8 Nf8 37. a5 c4 38. Rd4 Ba6 39. Rd5 Ne6 40. Ng6+ Kf6 41. Ne5 Bc8 42. Nxc4 Nf4 43. Rd6+ Ke7 44. a6 Be6 45. Rxe6+ Nxe6 46. a7 Nc7 47. Nb6 1-0

[Event "Chigorin Memorial 24th"]
[Site "St Petersburg"]
[Date "2016.10.18"]
[Round "4"]
[White "Azimov, Ilyas"]
[Black "Matsenko, Andrei"]
[Result "0-1"]
[WhiteElo "2151"]
[BlackElo "2317"]
[PlyCount "82"]
[EventDate "2016.10.15"]
[EventType "swiss"]
[EventRounds "9"]
[EventCountry "RUS"]
[SourceTitle "CBM 175 Extra"]
[Source "ChessBase"]
[SourceDate "2016.12.12"]
[SourceVersion "1"]
[SourceVersionDate "2016.12.12"]
[SourceQuality "1"]

1. e4 c6 2. d4 d5 3. exd5 cxd5 4. Bd3 Nc6 5. c3 Nf6 6. Bf4 g6 7. Nf3 Bg7 8. 0-0 0-0 9. Nbd2 Nh5 10. Bg5 f6 11. Bh4 Qd6 12. c4 e6 13. cxd5 exd5 14. Re1 Be6 15. a3 f5 16. Nb3 Rae8 17. Bb5 Bf7 18. Bg5 f4 19. Bxc6 bxc6 20. g4 fxg3 21. hxg3 Nxg3 22. Bd2 Ne4 23. Bb4 Qf4 24. Bxf8 Rxf8 25. Re3 g5 26. Qf1 g4 27. Qg2 gxf3 28. Rxf3 Qd6 29. Rc1 Kh8 30. Kf1 Bh6 31. Rc2 Rg8 32. Qh1 Bf4 33. Qh4 Bg5 34. Qh1 Bg6 35. Re2 Re8 36. Qh3 Kg7 37. Kg2 Bf4 38. Qg4 Rf8 39. Nc5 h5 40. Ne6+ Kh6 41. Rh3 Rf5 0-1